|
|
|
|
| LEADER |
00000nab a2200000 a 4500 |
| 001 |
vtls000795038 |
| 003 |
SK-MaSNL |
| 005 |
20260318124815.0 |
| 008 |
160314c2002 xo 0 hun |
| 015 |
|
|
|a SNBRB2002/05-16910
|
| 035 |
|
|
|a CLN000146693
|
| 040 |
|
|
|a SNKBUCL
|b slo
|c SNKBUCL
|e AACR2
|
| 041 |
0 |
|
|a slo
|
| 044 |
|
|
|a xo
|c SK
|
| 080 |
|
|
|a 894.511 (437.6)-3=945.11
|2 UDC-MRF-SK2
|
| 100 |
1 |
|
|a Polgár, Anikó,
|d 1975-
|4 aut
|9 101775
|
| 245 |
1 |
0 |
|a A költészet hétköznapjai
|b a vers nemcsak nyilvános szükséglet, hanem valamiképpen belső igény ...
|c Polgár Anikó
|
| 300 |
|
|
|b Obr.
|
| 650 |
0 |
7 |
|a maďarské črty
|2 snkbucl
|9 202525
|
| 773 |
0 |
|
|t Új szó
|g Roč. 55, č. 84 (11.4.2002), s. 8
|
| 850 |
|
|
|a Slovenská národná knižnica v Martine
|
| 852 |
|
|
|a SNK
|b KIS3GCP
|
| 958 |
|
|
|a HU
|
| 958 |
|
|
|a SK
|
| 958 |
|
|
|a LX
|
| 958 |
|
|
|a RBX
|
| 999 |
|
|
|c 2249082
|d 2251012
|